000 00469nam a2200205Ia 4500
003 OSt
005 20221006154423.0
006 a|||||r|||| 00| 0
007 ta
008 221006b |||||||| |||| 00| 0 chi d
024 _a36,255
037 _cTextual
040 _aEASL
_cEASL
_bchi
041 _2chi
_achi
245 0 _aNineteen books in Chinese language
300 _ap.
_ccm.
650 _aCL
_9642733
942 _cTEXL
_2CC
999 _c1104341
_d1104341